Responses for Show #3382 - Tuesday, April 27, 1999

Contestants

[<< previous game]

Justin Scupine, an associate director from Los Angeles, California

Mary Rider, a homemaker from Albany, New York

Lindsay Peet, a plumbing contractor from Studio City, California (whose 2-day cash winnings total $11,221)

[next game >>]

Jeopardy! Round responses

THE ANIMAL KINGDOM
LAST NAME'S THE SAME
FAMOUS FEUDS
STAR TREK WRITERS
DID THEY MOVE IT?
WORD"ZZ"
    $100 7
a tiger

Mary
    $100 6
Turner

Lindsay
    $100 17
Billy Martin

Justin
    $100 24
Gene Roddenberry

Mary
    $100 12
Arkansas

Lindsay
    $100 1
Lizzie

Justin
    $200 22
a chameleon

Mary
    $200 8
Morrison

Mary
    $200 18
Hatfield

Justin
    $200 27
(Justin: What is "The Trouble with Tribbids"?)

Tribbles

MaryJustin
    $200 13
Wisconsin

Lindsay
    $200 2
"Dizzy"

Mary
    $300 23
a beaver

Justin
    $300 9
Hopper

Justin
    $300 19
(Justin: Who is Johnson?)
(Alex: And?)
(Justin: I don't know.)

Lyndon Johnson & Robert Kennedy

MaryJustin
    $300 28
Shari Lewis

Mary
    $300 14
Chile

Lindsay
    $300 3
Buzz Beer

Triple Stumper
    $400 25
dolphins

Triple Stumper
    $400 10
(Mary: What is Young?)

Simon

LindsayMary
    $500 20
(Mary: I don't know.)

Vendettas

Mary
    $400 29
Kirk

Justin
    $400 15
Nova Scotia

Triple Stumper
    $400 4
"Fuzzy"

Mary
    $500 26
(Mary: What are bipeds?)

gastropods

Mary
Triple Stumper
    $500 11
Booth

Triple Stumper
    $500 21
Dauphin

Lindsay
    $500 30
Walter Koenig

Triple Stumper
    $500 16
(Mary: What is Guatemala?)

Costa Rica

Mary
Triple Stumper
    $500 5
Intermezzo

Triple Stumper

Scores at the first commercial break (after clue 15):

Lindsay Mary Justin
$1,100 $500 $400

Scores at the end of the Jeopardy! Round:

Lindsay Mary Justin
$1,600 $100 $900

Double Jeopardy! Round responses

CHEMISTRY
PUNCH LINES
(Alex: Yes, the magazine Punch.)
ART & ARTISTS
SURPRISING SINGERS
IVAN
WORKING ON THE RAILROAD
    $200 14
radium

Mary
    $200 11
matter

Justin
    $200 1
Paul Gauguin

Justin
    $200 24
Who Framed Roger Rabbit

Lindsay
    $200 17
The Brothers Karamazov

Justin
    $200 6
the conductor

Lindsay
    $400 20
rust

Lindsay
    $400 12
Don't

Lindsay
    $400 2
Henri Matisse

Justin
    $400 27
Bruce Willis

Lindsay
    $400 18
Gus Grissom

Mary
    $400 7
redcaps

Mary
    $600 21
electrons

Mary
    $600 13
(Lindsay: What is funny?)
(Mary: What is young?)
(Justin: What is lively?)

alive

LindsayMaryJustin
Triple Stumper
    $600 3
Claude Monet

Justin
    $600 28
Liv Ullmann

Mary
    $600 19
Ivan Reitman

Lindsay
    $600 8
stoker

Justin
    $1,407 25
(Alex: Less than a minute to go, Lindsay.)

water

Lindsay
    $800 15
George Eliot

Mary
    $800 4
John Singer Sargent

Mary
    $800 29
Heather Locklear

Triple Stumper
    $800 22
Ivan Boesky

Mary
    $800 9
lineman

Lindsay
    $1000 26
halogens

Lindsay
    $1000 16
vulgar

Triple Stumper
    $1000 5
[Image showed Las Meninas.]

Diego Velazquez

Triple Stumper
    $1000 30
Tab Hunter

Mary
    $500 23
(Mary: What is Ivan... I don't know.)

Ivan Pavlov

Mary
    $1000 10
switchovers

Mary

Scores at the end of the Double Jeopardy! Round:

Lindsay Mary Justin
$6,407 $5,600 $2,500

[wagering suggestions for these scores]

Final Jeopardy! Round responses

ENGLISH HISTORY
JustinWhat is [Alfred?] Henry?
$2,300
MaryWhat is William
$3,300
LindsayWhat was Harold?
$4,800
Harold

Final scores:

Lindsay Mary Justin
$11,207 $2,300 $200
3-day champion: $22,428 2nd place: a trip to the Radisson SAS Royal Hotel, Brussels, Belgium 3rd place: an HP Jornada 820 hand-held PC

Game dynamics:

Coryat scores:

Lindsay Mary Justin
$5,800 $6,600 $2,500
15 R
(including 1 DD),
1 W
19 R,
6 W
(including 2 DDs)
12 R,
3 W

Combined Coryat: $14,900

[game clues] [game scores] [suggest correction]

Game tape date: 1999-02-17
The J! Archive is created by fans, for fans. Scraping, republication, monetization, and malicious use prohibited; this site may use cookies and collect identifying information. See terms. The Jeopardy! game show and all elements thereof, including but not limited to copyright and trademark thereto, are the property of Jeopardy Productions, Inc. and are protected under law. This website is not affiliated with, sponsored by, or operated by Jeopardy Productions, Inc. Join the discussion at JBoard.tv.